000 00736nam a2200217 4500
001 108782
003 ES-MaACL
005 20230906184716.0
007 t|
008 061121s1978 sp r ||||1| spa d
100 1 _aMourao-Ferreira, David.
_983887
245 1 0 _aDos estudios sobre literatura portuguesa contemporánea /
_cDavid Mourao-Ferreira, Vergilio Ferreira; traducción de José Ares Montes.
260 _aMadrid :
_bFundación Juan March,
_c1978.
300 _a45 p. ;
_c21 cm.
490 1 _aSerie universitaria ;
_v61
700 1 _aFerreira, Vergilio.
_950375
700 1 _aAres Montes, José.
_922631
830 0 _aSerie universitaria ;
_v61
_9180747
852 _aES-MaACL
_j2105-F-13
_bR.98055
999 _c108782
_d108782